Penser, classer, exclure. Origine du racisme biologique (notice n° 1655709)

détails MARC
000 -LEADER
fixed length control field 01171cam a2200157 4500500
005 - DATE AND TIME OF LATEST TRANSACTION
control field 20260208010236.0
041 ## - LANGUAGE CODE
Language code of text/sound track or separate title fre
042 ## - AUTHENTICATION CODE
Authentication code dc
100 10 - MAIN ENTRY--PERSONAL NAME
Personal name Ternon, Yves
Relator term author
245 00 - TITLE STATEMENT
Title Penser, classer, exclure. Origine du racisme biologique
260 ## - PUBLICATION, DISTRIBUTION, ETC.
Date of publication, distribution, etc. 2005.<br/>
500 ## - GENERAL NOTE
General note 64
520 ## - SUMMARY, ETC.
Summary, etc. Biological racism is a result of a match between a concept diverted from its original meaning – race –, and a science – biology. In the 19th century, from one stage to the other – transformism, evolutionism, genetics – biology deals with the living. The classification of humans according to races precedes a racist drifting, which takes form in the social Darwinism calling for the process of elimination of the inferior races. Grafting racism on biology, which initiates a process of exclusion of individuals or human groups, takes place in Europe during four decades (from 1870 to 1910) : eugenism in England and in France, racial hygiene in Germany.
786 0# - DATA SOURCE ENTRY
Note Revue d’Histoire de la Shoah | 183 | 2 | 2005-10-19 | p. 17-47 | 2111-885X
856 41 - ELECTRONIC LOCATION AND ACCESS
Uniform Resource Identifier <a href="https://shs.cairn.info/revue-d-histoire-de-la-shoah-2005-2-page-17?lang=fr&redirect-ssocas=7080">https://shs.cairn.info/revue-d-histoire-de-la-shoah-2005-2-page-17?lang=fr&redirect-ssocas=7080</a>

Pas d'exemplaire disponible.

PLUDOC

PLUDOC est la plateforme unique et centralisée de gestion des bibliothèques physiques et numériques de Guinée administré par le CEDUST. Elle est la plus grande base de données de ressources documentaires pour les Étudiants, Enseignants chercheurs et Chercheurs de Guinée.

Adresse

627 919 101/664 919 101

25 boulevard du commerce
Kaloum, Conakry, Guinée

Réseaux sociaux

Powered by Netsen Group @ 2025